Necesidades educativas especiales asociadas a problemas de atención y concentración
Guardat en:
| Autor principal: | |
|---|---|
| Format: | Llibre |
| Idioma: | espanyol |
| Publicat: |
Santiago
Ministerio de Educación
2008
|
| Edició: | 1a. ed |
| Col·lecció: | Guía de Apoyo Técnico-Pedagógico: Necesidades Educativas Especiales en el Nivel de Educación Parvularia, 4
|
| Matèries: | |
| Etiquetes: |
Afegir etiqueta
Sense etiquetes, Sigues el primer a etiquetar aquest registre!
|
MARC
| LEADER | 00000nam a2200000 a 4500 | ||
|---|---|---|---|
| 001 | UCH5120 | ||
| 003 | CL-VaPUC | ||
| 008 | 090924e20080000CL |||||||||||||||||spa|d | ||
| 020 | |a 9789562922074 | ||
| 082 | 0 | 4 | |a 371.928 |b BUG |2 21 |
| 100 | 0 | |a Bugueño Gutiérrez, Ximena |e author |9 541289 | |
| 245 | 1 | 0 | |a Necesidades educativas especiales asociadas a problemas de atención y concentración |
| 250 | |a 1a. ed | ||
| 300 | |a 44 p | ||
| 942 | |c BK | ||
| 945 | |d 20090924 00:00:00 |a rbrito | ||
| 260 | |a Santiago |b Ministerio de Educación |c 2008 | ||
| 650 | 0 | |a Educación preescolar |9 260381 | |
| 650 | 0 | |a Educación especial |9 307486 | |
| 650 | 0 | |a Integración escolar |9 312238 | |
| 650 | 0 | |a Cognición |9 270347 | |
| 650 | 7 | |a TRANSTORNOS DEL APRENDIZAJE |2 CL-VaPUC |9 355504 | |
| 583 | |a last modification |c 20090924 00:00:00 |k Rodrigo Vera | ||
| 490 | 0 | |a Guía de Apoyo Técnico-Pedagógico: Necesidades Educativas Especiales en el Nivel de Educación Parvularia, 4 | |
| 999 | |c 336320 |d 336318 | ||
| 952 | |0 0 |1 0 |4 0 |6 371_928000000000000_BUG_2008 |7 0 |8 A |9 427471 |a BIBEDU |b BIBEDU |d 2019-11-22 |i 4603834 |o 371.928 BUG 2008 |p 4603834 |r 2019-11-22 |w 2019-11-22 |y BK |k EDI | ||